Countries Giancarlo Esposito has Visited - Statistics

General Stats
  • This quiz has been taken 13 times
  • The average score is 12 of 12
Answer Stats
Continent Country % Correct
Oceania Australia
100%
South America Brazil
100%
North America Canada
100%
Europe France
100%
Europe Germany
100%
North America Mexico
100%
Oceania New Zealand
100%
Europe United Kingdom
100%
North America United States of America
100%
Europe Belgium
92%
Europe Ireland
92%
Europe Netherlands
85%
No matching quizzes found
Score Distribution
Percent of People with Each Score
Percentile by Number Answered
Your Score History
You have not taken this quiz